Fundamentals of Heat and Mass Transfer, 4/e (Record no. 266660)

000 -LEADER
fixed length control field 00406 a2200157 4500
001 - CONTROL NUMBER
control field 31587
020 ## - INTERNATIONAL STANDARD BOOK NUMBER
International Standard Book Number 9780471304609
082 ## - DEWEY DECIMAL CLASSIFICATION NUMBER
Classification number 621.4022 INC
090 ## - LOCALLY ASSIGNED LC-TYPE CALL NUMBER (OCLC); LOCAL CALL NUMBER (RLIN)
-- 21439
-- 21439
100 ## - MAIN ENTRY--PERSONAL NAME
Personal name Incropera P. Frank ; David P. DeWitt
245 ## - TITLE STATEMENT
Title Fundamentals of Heat and Mass Transfer, 4/e
250 ## - EDITION STATEMENT
Edition statement 4
260 ## - PUBLICATION, DISTRIBUTION, ETC.
Place of publication, distribution, etc. NY
Name of publisher, distributor, etc. John wily
Date of publication, distribution, etc. 1996
300 ## - PHYSICAL DESCRIPTION
Extent xxiii, 886 p origional book
500 ## - GENERAL NOTE
General note BE textbook Aerospace
942 ## - ADDED ENTRY ELEMENTS (KOHA)
Institution code [OBSOLETE] NUST-CAE
Holdings
Withdrawn status Lost status Damaged status Not for loan Collection code Permanent Location Current Location Date acquired Total Checkouts Barcode Date last seen Price effective from Koha item type
          College of Aeronautical Engineering (CAE) College of Aeronautical Engineering (CAE) 04/03/2017   CAE71774 04/05/2017 04/05/2017 Book
© 2023 Central Library, National University of Sciences and Technology. All Rights Reserved.